Концепции современного естествознания: учебное пособие
| Tác giả chính: | |
|---|---|
| Tác giả của công ty: | |
| Tóm tắt: | Заглавие с титульного экрана Электронная версия печатной публикации В пособии рассмотрены общие для естественно-научных дисциплин вопросы; предмет и метод исследования, свойства пространства-времени, возникновение Вселенной и жизни на Земле, закрытые и открытые системы, условия возникновения и примеры самоорганизации в живой и неживой природе, особенности биологических систем. Предназначено для студентов, обучающихся по гуманитарным направлениям. Режим доступа: из корпоративной сети ТПУ |
| Ngôn ngữ: | Tiếng Nga |
| Được phát hành: |
Томск, Изд-во ТПУ, 2012
|
| Những chủ đề: | |
| Truy cập trực tuyến: | http://www.lib.tpu.ru/fulltext2/m/2013/m044.pdf |
| Định dạng: | Điện tử Sách |
| KOHA link: | https://koha.lib.tpu.ru/cgi-bin/koha/opac-detail.pl?biblionumber=233255 |
MARC
| LEADER | 00000nlm0a2200000 4500 | ||
|---|---|---|---|
| 001 | 233255 | ||
| 005 | 20240219141109.0 | ||
| 035 | |a (RuTPU)RU\TPU\book\254329 | ||
| 090 | |a 233255 | ||
| 100 | |a 20130301d2012 m y0rusy50 ca | ||
| 101 | 0 | |a rus | |
| 102 | |a RU | ||
| 105 | |a a j 001zy | ||
| 135 | |a drcn ---uucaa | ||
| 181 | 0 | |a i | |
| 182 | 0 | |a b | |
| 200 | 1 | |a Концепции современного естествознания |e учебное пособие |f Г. В. Ерофеева |g Национальный исследовательский Томский политехнический университет (ТПУ), Физико-технический институт (ФТИ), Кафедра общей физики (ОФ) | |
| 203 | |a Текст |c электронный | ||
| 210 | |a Томск |c Изд-во ТПУ |d 2012 | ||
| 300 | |a Заглавие с титульного экрана | ||
| 300 | |a Электронная версия печатной публикации | ||
| 330 | |a В пособии рассмотрены общие для естественно-научных дисциплин вопросы; предмет и метод исследования, свойства пространства-времени, возникновение Вселенной и жизни на Земле, закрытые и открытые системы, условия возникновения и примеры самоорганизации в живой и неживой природе, особенности биологических систем. Предназначено для студентов, обучающихся по гуманитарным направлениям. | ||
| 333 | |a Режим доступа: из корпоративной сети ТПУ | ||
| 337 | |a Adobe Reader | ||
| 452 | 1 | |0 (RuTPU)RU\TPU\book\249455 |y 978-5-4387-0057-9 |t Концепции современного естествознания |o учебное пособие |f Г. В. Ерофеева |g Национальный исследовательский Томский политехнический университет (ТПУ) |c Томск |n Изд-во ТПУ |d 2012 |p 160 с. |a Ерофеева, Галина Васильевна | |
| 606 | 1 | |a Естествознание |x Концептуальные основы |2 stltpush |3 (RuTPU)RU\TPU\subj\67376 |9 83201 | |
| 610 | 1 | |a концепции | |
| 610 | 1 | |a история | |
| 610 | 1 | |a синергетика | |
| 610 | 1 | |a пространство-время | |
| 610 | 1 | |a Вселенная | |
| 610 | 1 | |a термодинамика | |
| 610 | 1 | |a энтропия | |
| 610 | 1 | |a жизнь | |
| 610 | 1 | |a материя | |
| 610 | 1 | |a живые организмы | |
| 610 | 1 | |a живая природа | |
| 610 | 1 | |a неживая природа | |
| 610 | 1 | |a учебные пособия | |
| 610 | 1 | |a труды учёных ТПУ | |
| 610 | 1 | |a электронный ресурс | |
| 675 | |a 50(075.8) |v 3 | ||
| 700 | 1 | |a Ерофеева |b Г. В. |c физик |c профессор Томского политехнического университета, доктор педагогических наук |f 1938- |g Галина Васильевна |3 (RuTPU)RU\TPU\pers\25191 |9 11271 | |
| 712 | 0 | 2 | |a Национальный исследовательский Томский политехнический университет (ТПУ) |b Физико-технический институт (ФТИ) |b Кафедра общей физики (ОФ) |3 (RuTPU)RU\TPU\col\18734 |
| 801 | 2 | |a RU |b 63413507 |c 20130416 |g PSBO | |
| 856 | 4 | 0 | |u http://www.lib.tpu.ru/fulltext2/m/2013/m044.pdf |
| 942 | |c CF | ||